ბათუმის შოთა რუსთაველის სახელმწიფო უნივერსიტეტის ბიბლიოთეკა

შედარებითი სამართალმცოდნეობის შესავალი კერძო სამართლის სფეროში : (ბიბ.ჩანაწერი № 59388)

000 -ლიდერი
ფიქსირებული სიგრძის საკონტროლო ველი 01363nam a22002177a 4500
003 - საკონტროლო ნომრის იდენტიფიკატორი
საკონტროლო ველი Ge_BSU
005 - ბოლო ოპერაციის თარიღი და დრო
საკონტროლო ველი 20230208111913.0
008 - ფიქსირებული სიგრძის მონაცემთა ელემენტები - ზოგადი ინფორმაცია
ფიქსირებული სიგრძის საკონტროლო ველი 230208s2000 ge ||||| |||| 00| 0 geo d
020 ## - წიგნის საერთაშორისო სტანდარტული ნომერი
International Standard Book Number 9992821256
041 ## - ენის კოდი
Language code of text/sound track or separate title geo
080 ## - უნივერსალური ათობითი კლასიფიკაციის ინდექსი
Universal Decimal Classification number 341.9 ც-53
100 ## - მთავარი ჩანაწერი - პიროვნების სახელი
Personal name ცვაიგერტი, კონრად
9 (RLIN) 16864
245 ## - ცნობა სათაურის შესახებ
Title შედარებითი სამართალმცოდნეობის შესავალი კერძო სამართლის სფეროში :
Remainder of title ტ. 1, საფუძვლები /
Statement of responsibility, etc კონრად ცვაიგერტი, ჰაინ კოტცი ; მეცნ. რედ. და ბოლოთქმა თევდორე ნინიძის ; თარგმ. ეკატერინე სუმბათაშვილის.
264 ## - წარმოების, გამოცემის, დისტრიბუციის და სხვა ცნობები
გამოცემის, წარმოების, დისტრიბუციის... ადგილი თბილისი :
გამოცემის, წარმოების, დისტრიბუციის... სახელწოდება ჯისიაი,
გამოცემის, წარმოების, დისტრიბუციის... თარიღი 2000.
300 ## - ფიზიკური აღწერა
Extent 339 გვ.;
Other physical details 28 სმ.
500 ## - ზოგადი შენიშვნა
General note პარალ. თავფ. გერმ. ენ.
700 ## - ADDED ENTRY--PERSONAL NAME
Personal name კოტცი, ჰაინ
Relator term ავტორი
9 (RLIN) 16865
700 ## - ADDED ENTRY--PERSONAL NAME
Personal name ნინიძე, თევდორე
Relator term რედაქტორი, ბოლოსიტყვაობის ავტორი.
9 (RLIN) 2902
700 ## - ADDED ENTRY--PERSONAL NAME
Personal name სუმბათაშვილი, ეკატერინე
Relator term მთარგმნელი
9 (RLIN) 260
942 ## - ADDED ENTRY ELEMENTS (KOHA)
Source of classification or shelving scheme
Koha item type წიგნი
ეგზემპლარები
ჩამოწერის სტატუსი დაკარგული ეგზემპლარის სტატუსი კლასიფიკაციის წყარო ან თაროზე გაწყობის სქემა დაზიანების სტატუსი არ გაიცემა მუდმივი მდებარეობა (დაცვის ადგილი) ამჟამინდელი ადგილსამყოფელი თაროზე განთავსების ადგილი შეძენის თარიღი ღირებულება, შესყიდვის ნორმალური ფასი სრული შენახვის შიფრი შტრიხკოდი ბოლო ოპერაციის თარიღი ეგზემპლარის მიმდევრობითი ნომერი (კეტერი?) ფასის ძალაში შესვლის თარიღი ეგზემპლარის სახეობა საჯარო შენიშვნა
          ბათუმის შოთა რუსთაველის სახელმწიფო უნივერსიტეტის მთავარი ბიბლიოთეკა ბათუმის შოთა რუსთაველის სახელმწიფო უნივერსიტეტის მთავარი ბიბლიოთეკა წიგნსაცავი 2023-02-08 8.00 341.9 ც-53 63658 2023-02-08 63658 2023-02-08 წიგნი 8 ლ.
          ბათუმის შოთა რუსთაველის სახელმწიფო უნივერსიტეტის მთავარი ბიბლიოთეკა ბათუმის შოთა რუსთაველის სახელმწიფო უნივერსიტეტის მთავარი ბიბლიოთეკა წიგნსაცავი 2023-02-08 8.00 341.9 ც-53 63659 2023-02-08 63659 2023-02-08 წიგნი 8 ლ.